¿Qué Argentina queremos los argentinos? (Registro nro. 5725)

Detalles MARC
000 -LEADER
fixed length control field 01117 a2200193 4500
001 - CONTROL NUMBER
control field 54700
005 - DATE AND TIME OF LATEST TRANSACTION
control field 20260407155821.0
008 - FIXED-LENGTH DATA ELEMENTS--GENERAL INFORMATION
fixed length control field 260407a1973 arg spa d
003 - CONTROL NUMBER IDENTIFIER
control field AR-UNSa-BCEJYS
040 ## - CATALOGING SOURCE
Original cataloging agency AR-UNSa-BCEJYS
Language of cataloging spa
Transcribing agency AR-UNSa-BCEJYS
080 ## - UNIVERSAL DECIMAL CLASSIFICATION NUMBER
Universal Decimal Classification number 94(82)
Common auxiliary subdivision Historia de Argentina
100 1# - MAIN ENTRY--PERSONAL NAME
Personal name Luna, Félix
245 10 - TITLE STATEMENT
Title ¿Qué Argentina queremos los argentinos?
264 #1 - PRODUCTION, PUBLICATION, DISTRIBUTION, MANUFACTURE, AND COPYRIGHT NOTICE
Place of production, publication, distribution, manufacture Buenos Aires :
Name of producer, publisher, distributor, manufacturer Ediciones La Bastilla
Date of production, publication, distribution, manufacture, or copyright notice 1973
300 ## - PHYSICAL DESCRIPTION
Extent 458 p.
Dimensions 20 cm.
505 ## - FORMATTED CONTENTS NOTE
Formatted contents note 1. ¿Cómo estructurar un sistema estable de poder que permita gobernar a las mayorías y garantice a las minorías el respeto de sus intereses legítimos? – 2. ¿Qué significa hoy el desarrollo, como objetivos común para los argentinos? – 3. ¿Cómo se puede integrar la sociedad argentina para que en todas las regiones del país exista una razonable igualdad de oportunidades al acceso de los bienes materiales y espirituales que ofrece el mundo contemporáneo? – 4. ¿Qué papel puede desempeñar la Argentina en el mundo multipolar, pacífico y tecnificado de hoy?
590 ## - LOCAL NOTE (RLIN)
Local note niveau_biblio:m niveau_hierar:0
942 ## - ADDED ENTRY ELEMENTS (KOHA)
Koha item type
Existencias
Withdrawn status Lost status Damaged status Not for loan Home library Current library Shelving location Date acquired Total checkouts Full call number Barcode Date last seen Price effective from Koha item type
        Biblioteca Prof. Eusebio Cleto del Rey Biblioteca Prof. Eusebio Cleto del Rey   07/04/2026   94(82) L961a L45439 07/04/2026 07/04/2026 Libro